000 00525nam a2200181Ia 4500
008 100920s9999 xx 000 0 und d
082 _b80601
_a891.463.1 थ 99
100 _aकर्णिक मधुमंगेश.
245 _aतोरण.
260 _bदिलीप प्रकाशन,मुंबई.
_c1999
300 _a318
_bसाधी
365 _b250
520 _aलघुकथा.
630 _aतोरण.
650 _aलघुकथा.
730 _aतोरण.
942 _cBOOK
999 _c721493
_d721490